Modelovanie energetickej efektívnosti – smerovanie k uhlíkovej neutralite Slovenska

Saved in:
Bibliographic Details
Main Author: Štofová, Lenka, 1989-
Other Authors: Stričík, Michal, 1969-, Mihalčová, Bohuslava, 1963-, Kršák, Branislav
Format: Book
Language:Slovak
Published: Ostrava Vysoká škola báňská - Technická univerzita Ostrava 2021
Edition:1. vydanie
Subjects:
Tags: Add Tag
No Tags, Be the first to tag this record!

MARC

LEADER 00000nam a2200000 4500
001 0279829
005 20240502083850.3
020 |a 978-80-248-4573-9 
041 0 |a slo 
044 |a CZ 
245 1 0 |a Modelovanie energetickej efektívnosti – smerovanie k uhlíkovej neutralite Slovenska  |c Lenka Štofová, Michal Stričík ; recenzenti: Bohuslava Mihalčová, Branislav Kršák 
250 |a 1. vydanie 
264 1 |a Ostrava  |b Vysoká škola báňská - Technická univerzita Ostrava  |c 2021 
300 |a 157 s. [7,30 AH] 
610 2 0 |a priemysel palivovo-energetický 
610 2 0 |a meranie výkonnosti 
610 2 0 |a energia 
610 2 0 |a energia elektrická 
610 2 0 |a elektrárne 
610 2 0 |a palivá 
610 2 0 |a biomasa 
610 2 0 |a stopa uhlíková 
610 2 0 |a efektívnosť ekonomická 
610 2 0 |a štúdie prípadové 
100 1 |a Štofová, Lenka, 1989- 
700 1 |a Stričík, Michal, 1969- 
700 1 |a Mihalčová, Bohuslava, 1963- 
700 1 |a Kršák, Branislav